000 01274nmc a2200373 a 4500
003 AR-BaBNM
005 20251128203701.0
008 011101s1988 ||||||||||||||000 | spa||
020 _a84-7046-466-3
040 _cAR-BaBNM
100 1 _aRuiz i Bel, Robert
245 1 0 _aTécnicas de individualización didáctica
_badecuaciones curriculares individualizadas [ACI] para alumnos con necesidades educativas especiales
260 _aBogotá
_bCincel-Kapelusz
_c1988
300 _a174 p.
_bil., cuadros
490 0 _aEducación y futuro. Monografías para la reforma
_vv. 4
500 _aACI:ADECUACIONES CURRICULARES INDIVIDUALIZADAS
500 _aIEP:INDIVIDUAL EDUCATIONAL PLAN
500 _aPDI:PROGRAMAS DE DESARROLLO INDIVIDUAL
650 4 _aEDUCACION ESPECIAL
650 4 _aENSENANZA INDIVIDUALIZADA
650 4 _aCURRICULO
650 4 _aALUMNOS DE APRENDIZAJE LENTO
650 4 _aPROGRAMAS DE EDUCACION ESPECIAL
650 4 _aROL DEL DOCENTE
650 4 _aTECNICAS DE EVALUACION
651 4 _aEspaña
653 _aPSICOPEDAGOGIA
653 _aADAPTACIONES CURRICULARES
653 _aDISCAPACIDAD MENTAL
700 1 _aGiné i Giné, Climent
_eprologuista
800 1 _aRomán Pérez, Martiniano
_edirector
942 _cBK
998 _cCarmen
999 _c4476
_d4476